[Event "It (open) (b)"]
[Site "masterchessopen.com – Polanica Zdroj (Poland)"]
[Date "2007.08.25"]
[Round "9"]
[White "Obrusnik Michal (POL)"]
[Black "Mondrzycki Bartlomiej (POL)"]
[Result "0-1"]
[WhiteElo "2052"]
[BlackElo "1977"]

1.e4 c5 2.Nf3 Nc6 3.d4 cxd4 4.Nxd4 Nf6 5.Nc3 d6 6.Be2 e5 7.Nf3 h6 8.h3 Be6
9.O-O Be7 10.Re1 O-O 11.Bf1 Rc8 12.Nd5 Bxd5 13.exd5 Nb8 14.c4 Nbd7 15.Be3 a6
16.b4 Nh7 17.g4 Ng5 18.Rc1 f5 19.gxf5 Rxf5 20.Nh4 Rf8 21.Bg2 e4 22.Ng6 Nf3+
23.Bxf3 Rxf3 24.Bb6 Qxb6 25.Nxe7+ Kh8 26.c5 dxc5 27.Rxe4 Rcf8 28.Re6 Qxb4
29.Ng6+ Kg8 30.Nxf8 Rxf8 31.Qg4 Qd2 32.Rf1 Nf6 33.Qg6 Nxd5 34.Rd6 Nf4 35.Rxd2
Nxg6 36.Rd6 Ne5 {#R} 0-1

[Event "Ch PriFO (juniors) (under 16)"]
[Site "masterchessopen.com – Gorodets (Russia)"]
[Round "0"]
[White "Gainullin Yakov (RUS)"]
[Black "Vanifatov Yury (RUS)"]
[Result "1-0"]
[WhiteElo "2002"]
[BlackElo "2102"]

1.e4 c5 2.Nf3 d6 3.d4 cxd4 4.Nxd4 Nf6 5.Nc3 Nc6 6.Be2 e5 7.Nf3 h6 8.O-O Be7
9.Re1 O-O 10.h3 Be6 11.Bf1 a6 12.a4 Rc8 13.Nd5 Bxd5 14.exd5 Nb4 15.c4 a5
16.Bd2 Nd7 17.Bc3 Nc5 18.Nd2 Qb6 19.Nb1 f5 20.Na3 Bh4 21.Re2 Ncd3 22.Qd2 e4
23.Nc2 Rxc4 24.Ne3 Rcc8 25.Bxb4 axb4 26.g3 Bg5 27.h4 Ne5 28.Kg2 f4 29.hxg5 f3+
30.Kh1 {#r} 1-0

[Event "Ch World (juniors) (under 18) (g)"]
[Site "masterchessopen.com – Kemer (Turkey)"]
[Date "2007.11.18"]
[Round "1"]
[White "Umudova Nargiz (AZE)"]
[Black "Fan Yun (USA)"]
[Result "1-0"]
[WhiteElo "2183"]
[BlackElo "1862"]

1.e4 c5 2.Nf3 d6 3.d4 cxd4 4.Nxd4 Nf6 5.Nc3 Nc6 6.Be2 e5 7.Nf3 Be7 8.O-O O-O
9.Re1 a6 10.a4 b6 11.Bg5 Ne8 12.Bxe7 Nxe7 13.Nxe5 Be6 14.Nc4 Qc7 15.Qd4 Bxc4
16.Qxc4 Qb7 17.Rad1 Ng6 18.Nd5 Ne5 19.Qb3 Rb8 20.c4 Kh8 21.f4 Ng6 22.Qe3 Ne7
23.Bf3 f6 24.b3 Nc6 25.e5 a5 26.exf6 gxf6 27.Ne7 Qxe7 28.Qxe7 Nxe7 29.Rxe7 Ng7
30.g4 Rg8 31.Kf2 f5 32.Rxd6 fxg4 33.Be4 Rgf8 34.Rdd7 Rg8 {#r} 1-0

[Event "Ch Europe (active)"]
[Site "masterchessopen.com – Warsaw (Poland)"]
[Date "2007.12.15"]
[Round "1"]
[White "Ostrowska Dominika (POL)"]
[Black "Vovk Yuri (UKR)"]
[Result "0-1"]
[WhiteElo "1836"]
[BlackElo "2561"]

1.e4 c5 2.Nf3 Nc6 3.d4 cxd4 4.Nxd4 Nf6 5.Nc3 d6 6.Be2 e5 7.Nf3 h6 8.O-O Be7
9.h3 O-O 10.Be3 Be6 11.Qd2 d5 12.exd5 Nxd5 13.Nxd5 Qxd5 14.Qxd5 Bxd5 15.Rfd1
Rfd8 16.Nd2 Nb4 17.c4 Bc6 18.Rdc1 f5 19.Nb3 Nd3 20.Rc2 f4 21.Bd2 b6 22.Rd1 Be4
23.f3 Bf5 24.Bxd3 Rxd3 25.Rcc1 Rad8 26.Re1 Rxb3 27.axb3 Bc5+ 28.Kh1 Rxd2
29.Rxe5 g6 30.Re8+ Kf7 31.Ra8 a5 32.Ra7+ Kf6 33.Ra8 Rxb2 {#R} 0-1

[Event "Cup Rilton"]
[Site "masterchessopen.com – Stockholm (Sweden)"]
[Date "2008.01.03"]
[Round "7"]
[White "Lindberg Henrik (SWE)"]
[Black "De Verdier Michael (SWE)"]
[Result "1-0"]
[WhiteElo "2287"]
[BlackElo "2169"]

1.e4 c5 2.Nf3 d6 3.d4 cxd4 4.Nxd4 Nf6 5.Nc3 Nc6 6.Be2 e5 7.Nf3 h6 8.O-O Be6
9.Re1 Be7 10.h3 O-O 11.Bf1 Rc8 12.Nd5 Bxd5 13.exd5 Nb4 14.c4 a5 15.a3 Na6
16.Rb1 Qd7 17.b3 Bd8 18.Bd2 Nc5 19.Be3 Nce4 20.Qc2 b5 21.Bd3 bxc4 22.bxc4 Ne8
23.Bxe4 f5 24.Bd3 e4 25.Bxe4 fxe4 26.Qxe4 Nf6 27.Qd3 Qa4 28.Rec1 Re8 29.Bd4
Nd7 30.Qg6 Bf6 31.Rb7 Rxc4 {#r} 1-0

[Event "It (open)"]
[Site "masterchessopen.com – Geneva (Switzerland)"]
[Date "2008.01.24"]
[Round "6"]
[White "Delmonico Nils (SUI)"]
[Black "Duport Nicolas (SUI)"]
[Result "0-1"]
[WhiteElo "1882"]
[BlackElo "2099"]

1.e4 c5 2.Nf3 d6 3.d4 cxd4 4.Nxd4 Nf6 5.Nc3 Nc6 6.Be2 e5 7.Nf3 h6 8.O-O Be7
9.Re1 Be6 10.Bf1 O-O 11.b3 Rc8 12.Bb2 a6 13.a4 Qc7 14.Nd2 Nd4 15.Rc1 Qa5
16.Nc4 Bxc4 17.Bxc4 b5 18.axb5 axb5 19.Ra1 Qb4 20.Na2 Qc5 21.Bxd4 exd4 22.Bd3
Ra8 23.Qd2 d5 24.e5 Ne4 25.Bxe4 dxe4 26.c3 Rfd8 27.cxd4 Rxd4 28.Qe2 b4 29.Rec1
Qxe5 30.Qe1 Qd5 31.Rcb1 Rd2 32.Nxb4 Bxb4 33.Rxa8+ Qxa8 34.Ra1 Ra2 35.Rxa2 Qxa2
36.Qd1 Qd2 {#R} 0-1

[Event "Czech League 2007/08 (krajsky prebor)"]
[Site "masterchessopen.com – Czech Republic"]
[Date "2008.03.30"]
[Round "10"]
[White "Olsar Robin (CZE)"]
[Black "Sindler Michal (CZE)"]
[Result "0-1"]
[WhiteElo "1998"]
[BlackElo "2148"]

1.e4 c5 2.Nf3 Nc6 3.d4 cxd4 4.Nxd4 Nf6 5.Nc3 d6 6.Be2 e5 7.Nf3 h6 8.O-O Be6
9.b3 Be7 10.Bb2 O-O 11.Re1 Qa5 12.Nd2 Nd4 13.Bc4 Rac8 14.Bxe6 fxe6 15.Nc4 Qd8
16.Ne3 Qe8 17.Qd3 Qg6 18.Kh1 Nh5 19.Ncd1 Nf4 20.Qf1 Qxe4 21.Bxd4 exd4 22.f3
Qg6 23.Nc4 b5 24.Na3 a6 25.g3 Nh5 26.Qh3 d5 27.Rxe6 Qf7 {#R} 0-1

[Event "Ch Russia (juniors) (under 14) (1 league)"]
[Site "masterchessopen.com – Dagomys (Russia)"]
[Round "6"]
[White "Shikhta Vladislav (RUS)"]
[Black "Gorishniy Yuri (RUS)"]
[Result "0-1"]
[WhiteElo "1881"]
[BlackElo "2084"]

1.e4 c5 2.Nf3 d6 3.d4 cxd4 4.Nxd4 Nf6 5.Nc3 Nc6 6.Be2 e5 7.Nf3 h6 8.O-O Be7
9.h3 O-O 10.Re1 Be6 11.Nd5 Bxd5 12.exd5 Nb8 13.Nh2 Nbd7 14.Ng4 Nxg4 15.hxg4
Bg5 16.Bxg5 Qxg5 17.c4 Nf6 18.f3 e4 19.Qd4 b6 20.b4 Rfe8 21.a4 e3 22.f4 Qh4
{#R} 0-1

[Event "Ch Russia (juniors) (under 16)"]
[Site "masterchessopen.com – Dagomys (Russia)"]
[Round "3"]
[White "Repina Varvara (RUS)"]
[Black "Ildzhirinova Saglara (RUS)"]
[Result "1-0"]
[WhiteElo "2258"]
[BlackElo "2112"]

1.e4 c5 2.Nf3 d6 3.d4 cxd4 4.Nxd4 Nf6 5.Nc3 Nc6 6.Be2 e5 7.Nf3 Be7 8.Bg5 Be6
9.O-O O-O 10.Bxf6 Bxf6 11.Nd5 Bxd5 12.Qxd5 Qc7 13.c3 Rfd8 14.Rfd1 Ne7 15.Qb3
Rac8 16.Ne1 g6 17.Nc2 Bg5 18.Bg4 Rb8 19.Rd3 Kg7 20.Bf3 Nc6 21.a4 Na5 22.Qa2
Nc6 23.Rad1 a6 24.Ne3 Be7 25.b4 Rbc8 26.Bg4 Rb8 27.Nc4 Bf8 28.a5 Na7 29.Nb6
Nb5 30.Nd5 Qc6 31.Qd2 Nc7 32.Rh3 {#r} 1-0

[Event "Ch Poland (team) (juniors) (1 liga)"]
[Site "masterchessopen.com – Gorzow Wielkopolski (Poland)"]
[Date "2008.07.13"]
[Round "9"]
[White "Krepski Artemiusz (POL)"]
[Black "Bednarczyk Damian (POL)"]
[Result "0-1"]
[WhiteElo "1643"]
[BlackElo "1913"]

1.e4 c5 2.Nf3 Nc6 3.d4 cxd4 4.Nxd4 Nf6 5.Nc3 d6 6.Be2 e5 7.Nf3 Be6 8.Bg5 Be7
9.O-O Qa5 10.a3 Rd8 11.b4 Qc7 12.Bxf6 Bxf6 13.Nd5 Bxd5 14.Qxd5 O-O 15.Rfd1 Ne7
16.Qb3 d5 17.Bd3 g6 18.Rac1 Bg7 19.exd5 Nxd5 20.c4 Nf4 21.g3 Rxd3 22.Rxd3 Ne2+
{#R} 0-1

[Event "Olympiad (juniors) (under 16) (team)"]
[Site "masterchessopen.com – Mersin (Turkey)"]
[Date "2008.08.17"]
[Round "1"]
[White "Kaplan Ebru (TUR)"]
[Black "Bregadze Levan (GEO)"]
[Result "0-1"]
[WhiteElo "1823"]
[BlackElo "2387"]

1.e4 c5 2.Nf3 d6 3.d4 cxd4 4.Nxd4 Nf6 5.Nc3 Nc6 6.Be2 e5 7.Nf3 h6 8.h3 Be7
9.O-O O-O 10.Be3 Be6 11.Re1 d5 12.exd5 Nxd5 13.Nxd5 Bxd5 14.c4 Be6 15.a3 f5
16.b4 f4 17.Bc1 e4 18.Nd2 f3 19.gxf3 Bf6 20.Rb1 Bc3 21.Bf1 Nd4 22.Bg2 exf3
23.Bf1 Bf5 24.Re3 Ne2+ 25.Kh1 Bxb1 26.Bxe2 fxe2 27.Qxe2 Bxd2 28.Bxd2 Qf6
29.Kg1 Rae8 30.Rxe8 Qg6+ {#R} 0-1

[Event "It (open) (a)"]
[Site "masterchessopen.com – Polanica Zdroj (Poland)"]
[Date "2008.08.22"]
[Round "4"]
[White "Warakomska Anna (POL)"]
[Black "Jacek Krystian (POL)"]
[Result "1-0"]
[WhiteElo "2169"]
[BlackElo "2005"]

1.e4 c5 2.Nf3 d6 3.d4 cxd4 4.Nxd4 Nf6 5.Nc3 Nc6 6.Be2 e5 7.Nf3 h6 8.O-O Be7
9.Nd2 Nd4 10.Nc4 Be6 11.Ne3 O-O 12.b3 Qc7 13.Bb2 Qc6 14.Bf3 Rfe8 15.Ncd5 Bxd5
16.exd5 Nxf3+ 17.Qxf3 Qc5 18.c4 Bf8 19.Kh1 Nh7 20.Qg4 Qc8 21.Qg3 Ng5 22.f4
exf4 23.Qxf4 Re4 24.Qg3 Qd7 25.Nf5 {#r} 1-0

[Event "Cup PGMA (open)"]
[Site "masterchessopen.com – Manila (Philippines)"]
[Date "2008.09.12"]
[Round "9"]
[White "Wan Yunguo (CHN)"]
[Black "Castellano Christopher (PHI)"]
[Result "1-0"]
[WhiteElo "2448"]
[BlackElo "2302"]

1.e4 c5 2.Nf3 Nc6 3.d4 cxd4 4.Nxd4 Nf6 5.Nc3 d6 6.Be2 e5 7.Nf3 h6 8.O-O Be7
9.Re1 Be6 10.h3 O-O 11.Bf1 Nb8 12.Na4 Qc7 13.b3 Qc6 14.Qd3 a6 15.c4 Nbd7
16.Ba3 Rab8 17.Rac1 Nh5 18.Nc3 Nc5 19.Qe3 Nd7 20.Nd5 Bd8 21.Red1 g5 22.Bxd6
Bxd5 23.Rxd5 Bc7 24.Bxc7 Qxc7 25.Rcd1 Nhf6 26.Rd6 Rfe8 27.h4 g4 28.Nh2 Kh7
29.Be2 Rg8 30.Bxg4 Rxg4 31.Nxg4 Nxg4 32.Qf3 Ndf6 33.Rxf6 Nxf6 34.Qxf6 Re8
35.Qf5+ {#r} 1-0

[Event "World Mindsports Games (Blitz Ind w)"]
[Site "masterchessopen.com – Beijing (China)"]
[Date "2008.10.04"]
[Round "7"]
[White "Sukandar I"]
[Black "Dembo Yelena (GRE)"]
[Result "1-0"]
[WhiteElo "2303"]
[BlackElo "2446"]

1.e4 c5 2.Nf3 Nc6 3.d4 cxd4 4.Nxd4 Nf6 5.Nc3 d6 6.Be2 e5 7.Nf3 Be7 8.h3 h6
9.O-O O-O 10.Re1 Be6 11.Bf1 Nb8 12.b3 Nbd7 13.Bb2 a6 14.a4 Rc8 15.Nd2 d5
16.exd5 Nxd5 17.Nxd5 Bxd5 18.Bc4 Bc6 19.Nf3 b5 20.axb5 axb5 21.Bf1 f6 22.Nh4
Qe8 23.Nf5 Kh8 24.Qg4 Qf7 25.Bd3 e4 26.Bxe4 Ne5 27.Bxe5 fxe5 28.Ra7 h5 29.Qg3
h4 30.Nxh4 Bxe4 31.Rxe4 Kh7 32.Rxe5 {#r} 1-0

[Event "Ch Ukraine (juniors) (under 18) (1/2 final) (g)"]
[Site "masterchessopen.com – Kharkov (Ukraine)"]
[Date "2008.10.05"]
[Round "4"]
[White "Sharovskaya Olga (UKR)"]
[Black "Pershina Ljudmila (UKR)"]
[Result "1-0"]
[WhiteElo "1893"]
[BlackElo "1869"]

1.e4 c5 2.Nf3 Nc6 3.d4 cxd4 4.Nxd4 Nf6 5.Nc3 d6 6.Be2 e5 7.Nf3 h6 8.O-O Be7
9.Re1 O-O 10.h3 Be6 11.Bf1 Rc8 12.Nd5 Bxd5 13.exd5 Nb4 14.c4 a5 15.a3 Na6
16.Rb1 Nd7 17.b4 axb4 18.axb4 f5 19.Qb3 Kh8 20.Be3 f4 21.Bd2 h5 22.c5 dxc5
23.Nxe5 Nxe5 24.Rxe5 g6 25.Re6 Nxb4 26.Rxg6 Kh7 27.Re6 Nxd5 28.Qd3+ Kg7
29.Qg6+ Kh8 30.Qxh5+ Kg7 31.Rg6+ {#r} 1-0

[Event "Cup European Club (final)"]
[Site "masterchessopen.com – Kallithea (Greece)"]
[Date "2008.10.18"]
[Round "2"]
[White "Jessel Stephen (IRL)"]
[Black "Glek Igor V (GER)"]
[Result "0-1"]
[WhiteElo "2303"]
[BlackElo "2512"]

1.e4 c5 2.Nf3 d6 3.d4 cxd4 4.Nxd4 Nf6 5.Nc3 Nc6 6.Be2 e5 7.Nf3 h6 8.O-O Be7
9.Re1 O-O 10.h3 a6 11.a4 Be6 12.Bf1 Qc7 13.b3 Nb4 14.Bb2 Rfd8 15.Qe2 Rac8
16.Rac1 Qc5 17.g3 Rd7 18.Bg2 Rdc7 19.Nd2 Qa5 20.Ndb1 b5 21.axb5 axb5 22.f4 Na2
23.Nxa2 Qxa2 24.c4 Qxb3 25.cxb5 Rxc1 26.Bxc1 Qxb1 27.fxe5 Rxc1 {#R} 0-1

[Event "It (open) (active)"]
[Site "masterchessopen.com – El Sauzal (Spain)"]
[Date "2008.11.01"]
[Round "5"]
[White "Zakurdjaeva Irina (RUS)"]
[Black "Pereda De Pablo Ernesto (ESP)"]
[Result "1-0"]
[WhiteElo "2295"]
[BlackElo "2128"]

1.e4 c5 2.Nf3 Nc6 3.d4 cxd4 4.Nxd4 Nf6 5.Nc3 d6 6.Be2 e5 7.Nf3 h6 8.h3 Be7
9.O-O Be6 10.Re1 Rc8 11.Bf1 Nb8 12.Nd5 Nxd5 13.exd5 Bf5 14.c4 O-O 15.Be3 a6
16.Rc1 Nd7 17.b4 e4 18.Nd4 Bg6 19.f4 exf3 20.Nxf3 Re8 21.Kh1 Bf8 22.Qd2 Nf6
23.Bd4 Ne4 24.Qf4 f5 25.Bd3 Qd7 26.Nd2 Nxd2 27.Qxd2 Be7 28.Qf2 Bg5 29.Rcd1
{#r} 1-0

[Event "Ch Slovenia (team) (1 league) West"]
[Site "masterchessopen.com – Ljubljana (Slovenia)"]
[Date "2008.11.13"]
[Round "1"]
[White "Zvan Ziga (SLO)"]
[Black "Kersic Matej (SLO)"]
[Result "1-0"]
[WhiteElo "2229"]
[BlackElo "2156"]

1.e4 c5 2.Nf3 d6 3.d4 cxd4 4.Nxd4 Nf6 5.Nc3 Nc6 6.Be2 e5 7.Nf3 h6 8.O-O Be7
9.h3 Be6 10.Re1 O-O 11.Bf1 Nb8 12.a4 Nbd7 13.a5 a6 14.Nd5 Nxd5 15.exd5 Bf5
16.c4 b6 17.b4 bxa5 18.Rxa5 Qb6 19.Qa4 Qb7 20.Nd4 Bg6 21.Nc6 Bd8 22.Nxd8 Rfxd8
23.c5 Qxd5 24.Rd1 {#r} 1-0

[Event "Czech League 2008/09 (2nd) (c)"]
[Site "masterchessopen.com – Czech Republic"]
[Date "2008.11.23"]
[Round "3"]
[White "Vaculik Martin (CZE)"]
[Black "Neckar Lubomir (CZE)"]
[Result "0-1"]
[WhiteElo "2288"]
[BlackElo "2337"]

1.e4 c5 2.Nf3 Nc6 3.Nc3 d6 4.d4 cxd4 5.Nxd4 Nf6 6.Be2 e5 7.Nf3 h6 8.O-O Be7
9.h3 O-O 10.Re1 a6 11.a4 Be6 12.Bf1 Nb4 13.a5 Rc8 14.Ra4 d5 15.exd5 Bf5 16.Bd3
Nxd3 17.cxd3 Nxd5 18.Nxd5 Qxd5 19.Nxe5 Rfe8 20.Rc4 Rcd8 21.Qa4 Bd6 22.d4 Bd7
23.Qc2 Bb5 24.Rc3 Qxd4 25.Nf3 Rxe1+ 26.Nxe1 Bb4 27.Re3 Qd1 28.Qe4 Bxa5 29.b4
Bb6 30.Bb2 Bxe3 {#R} 0-1

[Event "Ch City (open)"]
[Site "masterchessopen.com – Novokuznetsk (Russia)"]
[Date "2008.11.26"]
[Round "0"]
[White "Koshkin Sergey (RUS)"]
[Black "Medvedev Emelian (RUS)"]
[Result "1-0"]
[WhiteElo "1888"]
[BlackElo "2046"]

1.e4 c5 2.Nf3 Nc6 3.d4 cxd4 4.Nxd4 Nf6 5.Nc3 d6 6.Be2 e5 7.Nf3 h6 8.h3 a6 9.a4
Be7 10.Be3 Qc7 11.Nd2 Na5 12.Nd5 Nxd5 13.exd5 f5 14.Bh5+ Kd8 15.Ra3 f4 16.Rc3
Nc6 17.O-O Bg5 18.Ne4 fxe3 19.dxc6 bxc6 20.Nxd6 Ke7 21.fxe3 Bf6 22.Nxc8+ Raxc8
23.Qd3 Rhf8 24.Qxa6 e4 25.Rc4 Qe5 26.Qb7+ Rc7 27.Qb6 Rd7 28.Qb4+ Qd6 29.Rxe4+
Kd8 30.Qa5+ Kc8 31.Bg4 Bd8 32.Qa6+ Kc7 33.Rxf8 Qxf8 34.Qa7+ Kd6 35.Qxd7+ {#r}
1-0

[Event "It (open)"]
[Site "masterchessopen.com – Nantes (France)"]
[Round "3"]
[White "Pirotais Jerome (FRA)"]
[Black "Jaulin Philippe (FRA)"]
[Result "0-1"]
[WhiteElo "1990"]
[BlackElo "2175"]

1.e4 c5 2.Nf3 Nc6 3.d4 cxd4 4.Nxd4 Nf6 5.Nc3 d6 6.Be2 e5 7.Nf3 h6 8.O-O Be7
9.Be3 O-O 10.Nd2 Be6 11.Bc4 Bxc4 12.Nxc4 Na5 13.Qd3 Nxc4 14.Qxc4 Qc8 15.Qb3
Qc6 16.Nd5 Nxd5 17.exd5 Qa6 18.f4 Bf6 19.Kh1 Rac8 20.c3 Rfe8 21.fxe5 Bxe5
22.Rf3 b5 23.a4 Rb8 24.Qc2 bxa4 25.Qf5 Re7 26.Rf2 Qc4 27.Rd1 Qh4 28.g4 Bg3
{#R} 0-1

[Event "It (open)"]
[Site "masterchessopen.com – Boeblingen (Germany)"]
[Date "2008.12.29"]
[Round "6"]
[White "Lang Ferdinand (GER)"]
[Black "Schmitz Thorsten (GER)"]
[Result "0-1"]
[WhiteElo "2133"]
[BlackElo "2275"]

1.e4 Nf6 2.Nc3 d6 3.Nf3 c5 4.d4 cxd4 5.Nxd4 Nc6 6.Be2 e5 7.Nf3 h6 8.h3 Be6
9.Be3 Be7 10.Qd2 d5 11.exd5 Nxd5 12.Nxd5 Qxd5 13.Qxd5 Bxd5 14.c3 f5 15.O-O f4
16.Bc1 e4 17.Nh2 O-O 18.Re1 Ne5 19.Ng4 Ng6 20.c4 Bc6 21.Bd2 Bh4 22.Bb4 Rf5
23.Red1 h5 24.Nh2 f3 25.gxf3 exf3 26.Bd3 Rg5+ 27.Kf1 Rg2 28.Bd6 Rxf2+ 29.Kg1
Rg2+ 30.Kf1 Re8 31.Bxg6 Rxg6 32.Rd4 Re2 {#R} 0-1

[Event "Bundesliga 2008/09 (w)"]
[Site "masterchessopen.com – Germany"]
[Date "2009.01.04"]
[Round "5"]
[White "Zdebskaja Natalia (UKR)"]
[Black "Mikliaeva Darja S (RUS)"]
[Result "1-0"]
[WhiteElo "2412"]
[BlackElo "2162"]

1.e4 c5 2.Nf3 d6 3.d4 cxd4 4.Nxd4 Nf6 5.Nc3 Nc6 6.Be2 e5 7.Nf3 h6 8.O-O Be7
9.Re1 O-O 10.h3 Be6 11.Bf1 Re8 12.Nd5 Bf8 13.c4 Rc8 14.b3 Ne7 15.Nxf6+ gxf6
16.Nh4 f5 17.Qh5 fxe4 18.Rxe4 f5 19.Re1 Bf7 20.Qf3 e4 21.Qg3+ Kh7 22.Bb2 h5
23.Rad1 Qa5 24.Qxd6 Rc6 25.Qd4 Bh6 26.Bc3 Qc7 27.Qd7 Qf4 28.g3 Qb8 29.Bg2 Be6
30.Qd4 Rg8 31.Rxe4 Bg7 32.Qe3 Bxc3 33.Rxe6 Rxe6 34.Qxe6 Rg7 35.Nxf5 {#r} 1-0

[Event "Ch Europe (w)"]
[Site "masterchessopen.com – St. Petersburg (Russia)"]
[Date "2009.03.10"]
[Round "3"]
[White "Chetina Elizaveta (RUS)"]
[Black "Sokolova Vera (RUS)"]
[Result "0-1"]
[WhiteElo "1711"]
[BlackElo "2088"]

1.e4 c5 2.Nf3 Nc6 3.d4 cxd4 4.Nxd4 Nf6 5.Nc3 d6 6.Be2 e5 7.Nf3 h6 8.O-O Be7
9.Be3 O-O 10.h3 a6 11.Qd2 Be6 12.Nh4 d5 13.exd5 Nxd5 14.Nf5 Bb4 15.Bd3 Nxe3
16.Qxe3 Qf6 17.Ng3 Qe7 18.Nf5 Qf6 19.Ng3 Qh4 20.f4 f5 21.fxe5 Bxc3 22.bxc3 f4
23.Qe4 Qxg3 24.Qh7+ Kf7 25.Rf3 Qg5 26.Raf1 Ke7 27.Rb1 Rab8 28.Qe4 Qxe5 29.Qa4
Bd5 30.Rff1 Qe3+ 31.Kh1 Qxh3+ {#R} 0-1

[Event "Ch Europe (w)"]
[Site "masterchessopen.com – St. Petersburg (Russia)"]
[Date "2009.03.19"]
[Round "11"]
[White "Chetina Elizaveta (RUS)"]
[Black "Karasova Daria (RUS)"]
[Result "1-0"]
[WhiteElo "1711"]
[BlackElo "1686"]

1.e4 c5 2.Nf3 d6 3.d4 cxd4 4.Nxd4 Nf6 5.Nc3 Nc6 6.Be2 e5 7.Nf3 Be7 8.O-O O-O
9.Be3 h6 10.h3 Be6 11.Qd2 Rc8 12.a3 Qd7 13.Bd3 d5 14.exd5 Bxd5 15.Nxd5 Qxd5
16.Bf5 Qxd2 17.Nxd2 Rcd8 18.Rad1 Nd5 19.Nc4 Nxe3 20.Nxe3 g6 21.Bd3 Rd7 22.Rfe1
h5 23.Bc4 Rfd8 24.Rd5 Bd6 25.Red1 Ne7 26.R5d2 e4 27.Kh1 a6 28.Bb3 Nf5 29.Nxf5
gxf5 30.c4 f4 31.c5 Bxc5 32.Rxd7 Rxd7 33.Rxd7 Bxf2 34.Rxf7 Kh8 35.Rxf4 e3
36.Bd1 {#r} 1-0

[Event "Ch France (juniors)"]
[Site "masterchessopen.com – Aix les Bains (France)"]
[Date "2009.04.20"]
[Round "2"]
[White "Delivre Raphael (FRA)"]
[Black "Perusseau Clement (FRA)"]
[Result "1-0"]
[WhiteElo "2079"]
[BlackElo "1878"]

1.e4 c5 2.Nf3 d6 3.d4 cxd4 4.Nxd4 Nf6 5.Nc3 Nc6 6.Be2 e5 7.Nf3 h6 8.h3 Be7
9.O-O O-O 10.Re1 Be6 11.Bf1 Rc8 12.Nd5 Nd7 13.c4 Nb6 14.b3 f5 15.Bd3 Qd7
16.Ba3 Rcd8 17.Qc2 fxe4 18.Bxe4 Bf5 19.Rad1 Nxd5 20.Rxd5 Bxe4 21.Qxe4 Rf4
22.Qd3 Rdf8 23.Bxd6 Rxf3 24.gxf3 Nd4 25.Bxe5 Qxh3 26.Rxd4 Rxf3 27.Qg6 Rf7
28.Bg3 {#r} 1-0

[Event "Tournament (swiss)"]
[Site "masterchessopen.com – Wisla (Poland)"]
[Date "2009.05.05"]
[Round "2"]
[White "Wajda Mariusz (POL)"]
[Black "Kasprzyk Tomasz (POL)"]
[Result "0-1"]
[WhiteElo "1919"]
[BlackElo "2087"]

1.e4 c5 2.Nf3 d6 3.d4 cxd4 4.Nxd4 Nf6 5.Nc3 Nc6 6.Be2 e5 7.Nf3 h6 8.O-O Be7
9.h3 O-O 10.Be3 Be6 11.Qd2 Re8 12.Rad1 Bd7 13.Qc1 a6 14.Nh2 b5 15.a3 Qb8
16.Ng4 Nh7 17.f4 exf4 18.Rxf4 Ne5 19.Rdf1 h5 20.Nxe5 dxe5 21.R4f2 Nf6 22.Nd5
Qb7 23.Nxf6+ Bxf6 24.Rf3 Rac8 25.Bd3 Rc6 26.Qe1 {#R} 0-1

[Event "It (open)"]
[Site "masterchessopen.com – Klatovy (Czech Republic)"]
[Round "0"]
[White "Rezac Jindrich (CZE)"]
[Black "Straka Vojtech (CZE)"]
[Result "0-1"]
[WhiteElo "1818"]
[BlackElo "2039"]

1.e4 c5 2.Nf3 Nc6 3.d4 cxd4 4.Nxd4 Nf6 5.Nc3 d6 6.Be2 e5 7.Nf3 h6 8.h3 Be7
9.Be3 O-O 10.Qd2 Be6 11.O-O d5 12.exd5 Nxd5 13.Nxd5 Qxd5 14.Qxd5 Bxd5 15.c4
Be6 16.Rfd1 f5 17.b3 g5 18.Bc1 e4 19.Ne1 Bf6 20.Rb1 Nb4 21.Rd6 Rfe8 22.Bb2
Bxb2 23.Rxb2 Rad8 24.Rxd8 Rxd8 25.a3 Nc6 26.Kf1 Kf8 27.Nc2 Ne5 28.Ke1 f4 29.c5
f3 30.gxf3 exf3 {#R} 0-1

[Event "It (open)"]
[Site "masterchessopen.com – Chemnitz (Germany)"]
[Date "2009.10.01"]
[Round "1"]
[White "Womacka Mathias (GER)"]
[Black "Fuchs Florian (GER)"]
[Result "1-0"]
[WhiteElo "2436"]
[BlackElo "1922"]

1.e4 c5 2.Nf3 Nc6 3.d4 cxd4 4.Nxd4 Nf6 5.Nc3 d6 6.Be2 e5 7.Nf3 h6 8.O-O Be7
9.Re1 O-O 10.h3 Be6 11.Bf1 a6 12.Nd5 Bxd5 13.exd5 Nb8 14.c4 Nbd7 15.Be3 Rc8
16.b4 b6 17.Nd2 Ne8 18.Nb3 f5 19.a4 Nef6 20.a5 f4 21.Bd2 g5 22.axb6 Nxb6
23.Rxa6 Nxc4 24.Qc2 Nxd2 25.Qg6+ Kh8 26.Nxd2 Qe8 27.Qxh6+ Nh7 28.Bd3 Rf7
29.Bg6 Qf8 30.Qxf8+ Rfxf8 31.Ra7 {#r} 1-0

[Event "Czech League 2009/10 (1st) East"]
[Site "masterchessopen.com – Czech Republic"]
[Date "2009.10.25"]
[Round "2"]
[White "Butkiewicz Lukasz (POL)"]
[Black "Jasny Stanislav (CZE)"]
[Result "1-0"]
[WhiteElo "2379"]
[BlackElo "1858"]

1.e4 c5 2.Nf3 d6 3.d4 cxd4 4.Nxd4 Nf6 5.Nc3 Nc6 6.Be2 e5 7.Nf3 h6 8.O-O Be7
9.Re1 O-O 10.h3 Be6 11.Bf1 Qd7 12.b3 Nh7 13.Nd5 Bd8 14.Ba3 Kh8 15.Qd2 Ng5
16.Nxg5 Bxg5 17.Ne3 Rad8 18.Rad1 f5 19.Bxd6 f4 20.Nc4 f3 21.Qc3 fxg2 22.Bxg2
Bxc4 23.bxc4 Rf7 24.Rd3 Qe6 25.Bc5 Rfd7 26.Rd5 Bd2 27.Qxd2 {#r} 1-0

[Event "Ch Belgrade (team) (qual. liga)"]
[Site "masterchessopen.com – Belgrade (Serbia)"]
[Date "2009.10.29"]
[Round "7"]
[White "Popovic Andrija (SRB)"]
[Black "Dinic Goran (SRB)"]
[Result "0-1"]
[WhiteElo "2261"]
[BlackElo "2194"]

1.e4 c5 2.Nf3 d6 3.d4 cxd4 4.Nxd4 Nf6 5.Nc3 Nc6 6.Be2 e5 7.Nf3 h6 8.O-O Be7
9.Be3 O-O 10.Qd2 Be6 11.Rad1 a6 12.Ne1 b5 13.f3 Na5 14.b3 Qc7 15.f4 Rfc8
16.Nd5 Bxd5 17.exd5 Ne4 18.Qb4 Nc3 19.Rd2 Nxa2 20.Qa3 Nc3 21.Bg4 Nb1 22.Qa1
Nxd2 23.Bxd2 Nb7 24.Bxc8 Rxc8 25.Kh1 a5 26.Qd1 Bf6 27.Qg4 e4 28.f5 e3 29.Bxe3
Qc3 30.Bxh6 Qd4 31.Qg3 Qh4 {#R} 0-1

[Event "Czech League 2009/10 (krajsky prebor)"]
[Site "masterchessopen.com – Czech Republic"]
[Date "2009.11.29"]
[Round "4"]
[White "Mitura Karel (CZE)"]
[Black "Langner Jakub (CZE)"]
[Result "1-0"]
[WhiteElo "2017"]
[BlackElo "1849"]

1.e4 c5 2.Nf3 Nc6 3.d4 cxd4 4.Nxd4 Nf6 5.Nc3 d6 6.Be2 e5 7.Nf3 h6 8.O-O Be6
9.Re1 d5 10.exd5 Nxd5 11.Nxd5 Qxd5 12.Qxd5 Bxd5 13.Nxe5 Nd4 14.Bd3 O-O-O
15.Be3 Be6 16.Rad1 Kb8 17.Be4 Bc5 18.c3 f5 19.Bd3 Rd5 20.Bxd4 Bxd4 21.cxd4
Rxd4 22.Nf3 Rd6 23.Bb1 Rhd8 24.Rxd6 Rxd6 25.h3 {#r} 1-0